00293 2200133 4500001002100000005001500021035002000036245004200056300000700098260002200105082000800127084001200135990001200147INLIS00000000000220620250527013523 a0010-0525000498 aMisteri Ruang Angkasa /cSteve Parker a32 bPakar Raya,c2007 a520 a520 MIS a0713257